<?xml version="1.0" encoding="UTF-8"?>
<record
    xmlns:xsi="http://www.w3.org/2001/XMLSchema-instance"
    xsi:schemaLocation="http://www.loc.gov/MARC21/slim http://www.loc.gov/standards/marcxml/schema/MARC21slim.xsd"
    xmlns="http://www.loc.gov/MARC21/slim">

  <leader>00363nam a22001457a 4500</leader>
  <controlfield tag="008">140321t        xxu||||| |||| 00| 0 eng d</controlfield>
  <datafield tag="020" ind1=" " ind2=" ">
    <subfield code="a">0-89603-969-2</subfield>
  </datafield>
  <datafield tag="100" ind1=" " ind2=" ">
    <subfield code="a">Bing-yuan chen</subfield>
    <subfield code="9">806</subfield>
  </datafield>
  <datafield tag="240" ind1=" " ind2=" ">
    <subfield code="a">Methods in Molecular biology</subfield>
  </datafield>
  <datafield tag="245" ind1=" " ind2=" ">
    <subfield code="a">PCR Cloning protocols</subfield>
  </datafield>
  <datafield tag="250" ind1=" " ind2=" ">
    <subfield code="a">second edition</subfield>
  </datafield>
  <datafield tag="300" ind1=" " ind2=" ">
    <subfield code="a">438 p.</subfield>
  </datafield>
  <datafield tag="440" ind1=" " ind2=" ">
    <subfield code="v">volume 192</subfield>
    <subfield code="9">807</subfield>
  </datafield>
  <datafield tag="942" ind1=" " ind2=" ">
    <subfield code="2">ddc</subfield>
    <subfield code="c">BK</subfield>
  </datafield>
  <datafield tag="999" ind1=" " ind2=" ">
    <subfield code="c">17056</subfield>
    <subfield code="d">17056</subfield>
  </datafield>
  <datafield tag="952" ind1=" " ind2=" ">
    <subfield code="0">0</subfield>
    <subfield code="1">0</subfield>
    <subfield code="2">ddc</subfield>
    <subfield code="4">0</subfield>
    <subfield code="7">0</subfield>
    <subfield code="a">ASAB</subfield>
    <subfield code="b">ASAB</subfield>
    <subfield code="d">2014-03-21</subfield>
    <subfield code="l">0</subfield>
    <subfield code="o">572.86 CHE</subfield>
    <subfield code="p">ASAB1500</subfield>
    <subfield code="r">2025-12-03</subfield>
    <subfield code="w">2014-03-21</subfield>
    <subfield code="y">BK</subfield>
  </datafield>
  <datafield tag="952" ind1=" " ind2=" ">
    <subfield code="0">0</subfield>
    <subfield code="1">0</subfield>
    <subfield code="2">ddc</subfield>
    <subfield code="4">0</subfield>
    <subfield code="7">0</subfield>
    <subfield code="8">NFIC</subfield>
    <subfield code="a">ASAB</subfield>
    <subfield code="b">ASAB</subfield>
    <subfield code="d">2014-03-21</subfield>
    <subfield code="l">1</subfield>
    <subfield code="o">572.86 CHE</subfield>
    <subfield code="p">ASAB1499</subfield>
    <subfield code="r">2022-04-21</subfield>
    <subfield code="s">2022-04-11</subfield>
    <subfield code="w">2014-03-21</subfield>
    <subfield code="y">BK</subfield>
  </datafield>
  <datafield tag="952" ind1=" " ind2=" ">
    <subfield code="0">0</subfield>
    <subfield code="1">0</subfield>
    <subfield code="2">ddc</subfield>
    <subfield code="4">0</subfield>
    <subfield code="7">0</subfield>
    <subfield code="8">NFIC</subfield>
    <subfield code="a">ASAB</subfield>
    <subfield code="b">ASAB</subfield>
    <subfield code="d">2014-03-21</subfield>
    <subfield code="l">0</subfield>
    <subfield code="o">572.86 CHE</subfield>
    <subfield code="p">ASAB1498</subfield>
    <subfield code="r">2014-03-21</subfield>
    <subfield code="w">2014-03-21</subfield>
    <subfield code="y">BK</subfield>
  </datafield>
  <datafield tag="952" ind1=" " ind2=" ">
    <subfield code="0">0</subfield>
    <subfield code="1">0</subfield>
    <subfield code="2">ddc</subfield>
    <subfield code="4">0</subfield>
    <subfield code="7">0</subfield>
    <subfield code="8">NFIC</subfield>
    <subfield code="a">ASAB</subfield>
    <subfield code="b">ASAB</subfield>
    <subfield code="d">2014-03-21</subfield>
    <subfield code="l">0</subfield>
    <subfield code="o">572.86 CHE</subfield>
    <subfield code="p">ASAB1497</subfield>
    <subfield code="r">2014-03-21</subfield>
    <subfield code="w">2014-03-21</subfield>
    <subfield code="y">BK</subfield>
  </datafield>
  <datafield tag="952" ind1=" " ind2=" ">
    <subfield code="0">0</subfield>
    <subfield code="1">0</subfield>
    <subfield code="2">ddc</subfield>
    <subfield code="4">0</subfield>
    <subfield code="7">0</subfield>
    <subfield code="8">NFIC</subfield>
    <subfield code="a">ASAB</subfield>
    <subfield code="b">ASAB</subfield>
    <subfield code="d">2014-03-21</subfield>
    <subfield code="l">0</subfield>
    <subfield code="o">572.86 CHE</subfield>
    <subfield code="p">ASAB1496</subfield>
    <subfield code="r">2016-05-12</subfield>
    <subfield code="w">2014-03-21</subfield>
    <subfield code="y">BK</subfield>
  </datafield>
</record>
